Statistiken für Das Papst-Quiz

Klicken Sie hier um das Quiz zu spielen!

Allgemein

  • Dieses Quiz wurde 882 mal gespielt
  • Das Durchschnittsergebnis liegt bei 14 aus 20

Antwortstatistiken

Frage Antwort % Korrekt
Welches Land wird vom Papst geführt?Vatikanstadt
98%
In welchem Land wurden die meisten Päpste geboren?Italien
97%
Wer ist der aktuelle Papst?Franziskus
94%
In welchem Land wurde er geboren?Argentinien
94%
Welche Stadt umgibt das obengenannte Land?Rom
94%
In welchem Land wurde Johannes Paul II. geboren?Polen
92%
Welcher Papst trat 2013 freiwillig zurück?Benedikt XVI.
91%
Wer bewacht den Papst seit 1506?die {Schweizer}garde
89%
Welches ist der gebräuchlichste Papstname - bisher 23 Mal gebraucht?Johannes
78%
Nach dem Papst, welches ist der nächsthöchste Rang in der katholischen Kirche?Kardinal
74%
Was ist der Name für das Gefährt, das der Papst bei öffentlichen Veranstaltungen braucht?Papamobil
74%
Wer wird als erster Papst angesehen?Simon Petrus
68%
Zu welchem Krieg rief Papst Urban II. im Jahre 1095 auf?Erster Kreuzzug
61%
Wer wurde durch Papst Leo III. am Weihnachtstag 800 n.Chr. zum
"Römischen Kaiser" gekrönt?
Karl der Große
56%
Welcher europäische Anführer "kidnappte" den Papst 1809 und
hielt ihn für fünf Jahre fest?
Napoleon
56%
Was ist der Name für die Versammlung, auf welcher ein neuer Papst gewählt wird?Päpstliches Konklave
47%
Welche Stadt in Südfrankreich war einst Papstsitz?Avignon
45%
Was ist der Name für eine Urkunde, die einen wichtigen Rechtsakt des Papstes verkündet?Päpstliche Bulle
35%
Welches Dogma sagt, dass der Papst nicht falsch liegen kann wenn er
eine offizielle Entscheidung über eine Kirchendoktrin fällt?
Päpstliche
{Unfehlbarkeit}
31%
Welches ist die offizielle Residenz des Papstes?{Apostolischer} Palast
12%

Verteilung der Resultate

Perzentil nach korrekt beantworteten Fragen

Anzahl Personen mit jedem Resultat

Ihre Resultats-Entwicklung

Sie haben dieses Quiz noch nicht gespielt